| 000 | 00998nam a22003137a 4500 | ||
|---|---|---|---|
| 003 | CHAP | ||
| 005 | 20220329135426.0 | ||
| 008 | 971013s1984 r 00010 d | ||
| 010 | _a36242 | ||
| 011 | _a37214 | ||
| 035 | _a41333 | ||
| 040 | _cCHAP | ||
| 090 | _aFolleto 10124 | ||
| 100 | 0 | 0 |
_aOrnelas Delgado, Jaime. _983607 |
| 245 | _aCarlos Marx una biografía | ||
| 260 |
_aPuebla, Pue. : _bUniversidad Autónoma de Puebla, _c1984 |
||
| 300 | _a84 p. | ||
| 490 |
_aColección extensión universitaria _v; 2 |
||
| 590 |
_aBATCH-UPD _b10 _c20130109 _lUCH01 _h2330 |
||
| 590 |
_aBATCH-UPD _b10 _c20130110 _lUCH01 _h1943 |
||
| 590 |
_aBATCH-UPD _b10 _c20130409 _lUCH01 _h1855 |
||
| 590 |
_aBATCH-UPD _b10 _c20130914 _lUCH01 _h1004 |
||
| 590 |
_aCONVERSION _b10 _c20130109 _lUCH01 _h1320 |
||
| 650 | 1 | 4 |
_aMarx, Karl _y1818-1883. _972727 |
| 830 | 0 |
_aColección extensión universitaria _v; 2 _924858 |
|
| 901 | _aBK | ||
| 942 | _cFOLL | ||
| 949 |
_aFolleto 10124 _bBC _cFOLL _d-94561 _eTS1 _gI. c/e _i41333 _si |
||
| 999 |
_c36242 _d36242 |
||